NHL Award Winners (2000-Present) - Statistics

General Stats
  • This quiz has been taken 132 times
    79 since last reset
  • The average score is 68 of 89
Answer Stats
Year Award Team Answer % Correct
Vezina MTL Carey Price
93%
2015-16 Hart CHI Patrick Kane
93%
2016-17 Hart EDM Connor McDavid
92%
2007-08 Hart WAS Alexander Ovechkin
90%
2012-13 Hart WAS Alexander Ovechkin
90%
Calder TOR Auston Matthews
90%
Vezina NJD Martin Brodeur
90%
Vezina CBJ Sergei Bobrovsky
90%
2008-09 Hart WAS Alexander Ovechkin
89%
Vezina BUF Dominik Hasek
89%
Norris LAK Drew Doughty
89%
2011-12 Hart PIT Evgeni Malkin
89%
2000-01 Hart COL Joe Sakic
89%
Vezina NJD Martin Brodeur
89%
Vezina NJD Martin Brodeur
89%
Vezina NJD Martin Brodeur
89%
Vezina CBJ Sergei Bobrovsky
89%
2006-07 Hart PIT Sidney Crosby
89%
2013-14 Hart PIT Sidney Crosby
89%
Calder WAS Alexander Ovechkin
87%
Vezina TBL Andrei Vasilevskiy
87%
2014-15 Hart MTL Carey Price
87%
Vezina NYR Henrik Lundqvist
87%
2019-20 Hart EDM Leon Draisaitl
87%
2018-19 Hart TBL Nikita Kucherov
87%
Vezina NSH Pekka Rinne
87%
Vezina BOS Tuukka Rask
87%
Norris SJS Brent Burns
85%
2010-11 Hart ANA Corey Perry
85%
Calder PIT Evgeni Malkin
85%
2009-10 Hart VAN Henrik Sedin
85%
2005-06 Hart BOS/SJS Joe Thornton
85%
2003-04 Hart TBL Martin St. Louis
85%
Norris DET Nicklas Lidstrom
85%
Calder CHI Patrick Kane
85%
2021-22 Hart TOR Auston Matthews
84%
2020-21 Hart EDM Connor McDavid
84%
2022-23 Hart EDM Connor McDavid
84%
Norris OTT Erik Karlsson
84%
Calder COL Nathan MacKinnon
84%
Norris DET Nicklas Lidstrom
84%
Norris DET Nicklas Lidstrom
84%
Norris DET Nicklas Lidstrom
84%
Norris DET Nicklas Lidstrom
84%
Norris TBL Victor Hedman
84%
Vezina WAS Braden Holtby
82%
Calder COL Cale Makar
82%
Norris CHI Duncan Keith
82%
Norris DET Nicklas Lidstrom
82%
Norris OTT Erik Karlsson
80%
Vezina VGK Marc-Andre Fleury
80%
Norris MTL PK Subban
80%
Norris NSH Roman Josi
80%
2017-18 Hart NJD Taylor Hall
80%
Vezina BOS Tim Thomas
80%
Vezina BOS Tim Thomas
80%
Norris COL Cale Makar
79%
Vezina WIN Connor Hellebuyck
79%
Vezina NYR Igor Shesterkin
79%
Calder NYI Mathew Barzal
79%
Norris DET Nicklas Lidstrom
79%
Norris NYR Adam Fox
77%
Vezina BOS Linus Ullmark
77%
2002-03 Hart COL Peter Forsberg
77%
Norris CHI Duncan Keith
75%
Calder VAN Elias Pettersson
75%
Norris SJS Erik Karlsson
74%
Calder MIN Kirill Kaprizov
74%
Norris BOS Zdeno Chara
74%
Norris CGY Mark Giordano
70%
Vezina CGY Miikka Kiprusoff
70%
Vezina BUF Ryan Miller
70%
Calder CHI Artemi Panarin
66%
Vezina MTL Jose Theodore
66%
Calder SEA Matty Beniers
66%
Calder DET Moritz Seider
66%
Calder COL Gabriel Landeskog
64%
Calder FLA Aaron Ekblad
62%
2001-02 Hart MTL Jose Theodore
62%
Norris NJD Scott Niedermayer
56%
Calder FLA Jonathan Huberdeau
51%
Calder CAR Jeff Skinner
48%
Calder ATL Dany Heatley
44%
2004-05 None None None
38%
Calder CBJ Steve Mason
33%
Calder BUF Tyler Myers
26%
Calder BOS Andrew Raycroft
25%
Calder SJS Evgeni Nabokov
23%
Calder STL Barret Jackman
18%
No matching quizzes found
Score Distribution
Percent of People with Each Score
Percentile by Number Answered
Your Score History
You have not taken this quiz since the last reset